Trivial Trivia #1 - Name That Country - Statistics

General Stats
  • This quiz has been taken 28 times
  • The average score is 13 of 15
Answer Stats
Hint Answer % Correct
National sports: Ice hockey & lacrosse Canada
100%
Eighth-largest country; three-time soccer World Cup champion Argentina
94%
Oceania’s biggest country, this should be a no-brainer Australia
94%
You can find a statue of Jesus in Rio de Janeiro in this country Brazil
94%
Home of the Chang Jiang and the Huang He; Capital: Beijing China
94%
Pharaohs, pyramids, and the Nile Egypt
94%
Deutschland! East to the Benelux Union Germany
94%
Two city-states are inside this larger country Italy
94%
This country spans 11 time zones, and it’s larger than Pluto! Russia
94%
Land of the free, home of the brave United States
94%
This country gave the States “Lady Liberty” France
89%
A city-state lies between France and this country: Spain
89%
Home of beloved animated characters like Luffy, Naruto, Goku, and Ichigo Japan
83%
This African nation hosts over 250 ethnic groups Nigeria
61%
The national flower of this country is the dahlia Mexico
33%
No matching quizzes found
Score Distribution
Percent of People with Each Score
Percentile by Number Answered
Your Score History
You have not taken this quiz